000 00338nam a2200133Ia 4500
008 151021s9999 xx 000 0 und d
020 _a440237025
050 _aPS 3569 T33828J 2000
245 _a_Journey Steel Daniel
260 _aNew York Dell 2000
300 _a353p.
650 _a_Journey
980 _a^d20130208 11:29:51^oanne
999 _c12849
_d12849